[Event "Elit(Eksjo-Farsta)"]
[Site "?"]
[Date "2019.03.30"]
[Round "8"]
[White "Urkedal, Frode"]
[Black "Heberla, Bartlomiej"]
[Result "1-0"]
[WhiteElo "2512"]
[BlackElo "2550"]
[PlyCount "85"]
1. d4 Nf6 2. c4 d6 3. Nf3 Nbd7 4. Nc3 e5 5. e4 g6 6. Be2 Bg7 7. Be3 O-O 8. d5
Ng4 9. Bg5 f6 10. Bc1 Nh6 11. h4 a5 12. h5 g5 13. Be3 Nc5 14. Qc1 Ng4 15. h6
Bxh6 16. Bxc5 dxc5 17. Nh2 Nxh2 18. Rxh2 Bg7 19. Qe3 f5 20. exf5 Bxf5 21. Ne4
Bxe4 22. Qxe4 h6 23. g3 Ra6 24. Bd3 Qf6 25. O-O-O Kf7 26. Rf1 Rb6 27. f3 Re8
28. Re2 Re7 29. Rfe1 Bf8 30. Qg4 Bg7 31. Re4 Bf8 32. R1e2 Rd6 33. Kd1 Kg7 34.
f4 h5 35. Qxh5 Qh6 36. Qg4 Rb6 37. Rxe5 Rxe5 38. fxe5 Kg8 39. Kc2 a4 40. Rf2 a3
41. b3 Qg7 42. Qc8 Rh6 43. Be4 1-0

[Event "Elit(Vasteras-Limhamn)"]
[Site "?"]
[Date "2019.03.30"]
[Round "8"]
[White "Hansen, Mads"]
[Black "Sjodahl, Pontus"]
[Result "1-0"]
[WhiteElo "2403"]
[BlackElo "2416"]
[PlyCount "67"]
1. e4 e6 2. d4 d5 3. Nc3 Bb4 4. e5 c5 5. a3 Bxc3+ 6. bxc3 Qa5 7. Bd2 Qa4 8. Qg4
Kf8 9. Qd1 b6 10. dxc5 bxc5 11. Nf3 Ne7 12. Rb1 Ba6 13. Bxa6 Qxa6 14. Qe2 Qc6
15. O-O Nd7 16. Be3 Rc8 17. Rb5 Rc7 18. Rfb1 h6 19. Nd2 Nf5 20. Nb3 Nxe3 21.
Na5 Qa8 22. Qxe3 g6 23. Nb7 Kg7 24. Nd6 Qc6 25. Qf4 Rf8 26. h4 Qa8 27. Rb7 Qd8
28. Rxc7 Qxc7 29. Rb7 Qd8 30. Rxa7 Qe7 31. Qa4 Rd8 32. g3 c4 33. Qb5 f6 34. Nc8
1-0

[Event "Elit(Wasa-Rockaden,Sthlm)"]
[Site "?"]
[Date "2019.03.30"]
[Round "8"]
[White "Hammer, Jon Ludvig"]
[Black "Shirov, Alexei"]
[Result "1/2-1/2"]
[WhiteElo "2652"]
[BlackElo "2658"]
[PlyCount "41"]
[SourceDate "2019.04.07"]
1. d4 d5 2. c4 c6 3. Nf3 Nf6 4. e3 Bg4 5. Nc3 e6 6. Qb3 Qb6 7. Nh4 Bh5 8. h3
Nbd7 9. g4 Bg6 10. Nxg6 hxg6 11. Bg2 g5 12. Bd2 Be7 13. O-O-O a5 14. Kb1 a4 15.
Qxb6 Nxb6 16. cxd5 Nfxd5 17. Ne4 Nc4 18. a3 Nxd2+ 19. Nxd2 f6 20. Rc1 Kf7 21.
Rc2 1/2-1/2

[Event "Elit(Eksjo-Farsta)"]
[Site "?"]
[Date "2019.03.30"]
[Round "8"]
[White "Schussler, Harry"]
[Black "Livner, Anders"]
[Result "1/2-1/2"]
[WhiteElo "2413"]
[BlackElo "2341"]
[PlyCount "71"]
1. b3 e5 2. Bb2 Nc6 3. e3 Nf6 4. Bb5 Bd6 5. Na3 Na5 6. d4 Qe7 7. Nb1 exd4 8.
Qxd4 a6 9. Be2 Nc6 10. Qd1 Be5 11. c3 d5 12. Nf3 Bd6 13. O-O O-O 14. Nbd2 Rd8
15. Qe1 Ne4 16. c4 Nxd2 17. Qxd2 Bb4 18. Qc2 dxc4 19. Qxc4 Be6 20. Qe4 Bd6 21.
Rfd1 Re8 22. Nd4 Nxd4 23. Qxd4 f6 24. Qe4 c6 25. Bd3 f5 26. Qf3 Rf8 27. e4 Qh4
28. g3 Qg4 29. Qxg4 fxg4 30. Bc4 Bxc4 31. Rxd6 Be2 32. Rd7 Rf7 33. Rd2 Bf3 34.
Re1 Re8 35. e5 Bd5 36. Rd4 1/2-1/2

[Event "Elit(Vasteras-Limhamn)"]
[Site "?"]
[Date "2019.03.30"]
[Round "8"]
[White "Miezis, Normunds"]
[Black "Hector, Jonny"]
[Result "0-1"]
[WhiteElo "2469"]
[BlackElo "2492"]
[PlyCount "86"]
1. c4 e5 2. g3 c6 3. d4 e4 4. Bg2 d5 5. Nc3 Bb4 6. Nh3 h6 7. O-O Nf6 8. cxd5
cxd5 9. f3 Bxc3 10. bxc3 O-O 11. g4 exf3 12. exf3 Re8 13. Re1 Nbd7 14. Nf4 Nf8
15. Bd2 Bd7 16. Qb3 Bc6 17. Rxe8 Nxe8 18. Re1 a5 19. Be3 a4 20. Qb4 Nd6 21. Bf2
Nc4 22. Bg3 Ra6 23. Qb1 Rb6 24. Qa1 a3 25. Nd3 Rb2 26. Bf1 Qa5 27. Nb4 Ne6 28.
Qc1 Nd2 29. Kh1 Nxf3 30. Re2 Rxe2 31. Nxc6 Rxh2+ 32. Bxh2 bxc6 33. Bd6 Qd8 34.
Bg3 Qe7 35. Qe3 Nfg5 36. Bg2 Qb7 37. c4 Qb1+ 38. Kh2 Qxa2 39. cxd5 cxd5 40. Bd6
Nxd4 41. Bxa3 Nc2 42. Qe8+ Kh7 43. Bc1 Ne1 0-1

[Event "Elit(Wasa-Rockaden,Sthlm)"]
[Site "?"]
[Date "2019.03.30"]
[Round "8"]
[White "Amin, Bassem"]
[Black "Blomqvist, Erik"]
[Result "1/2-1/2"]
[WhiteElo "2712"]
[BlackElo "2491"]
[PlyCount "67"]
1. e4 c5 2. Nf3 e6 3. g3 Nf6 4. d3 d5 5. Nbd2 Nc6 6. Bg2 Be7 7. O-O O-O 8. Re1
b5 9. e5 Nd7 10. Nf1 Bb7 11. Bf4 Qb6 12. h4 Rfc8 13. h5 h6 14. Qd2 Qd8 15. g4
a5 16. c3 b4 17. Rad1 bxc3 18. bxc3 a4 19. N1h2 Ra6 20. c4 Nf8 21. g5 hxg5 22.
Bxg5 dxc4 23. dxc4 Qxd2 24. Rxd2 Rb6 25. h6 Ng6 26. Ng4 Nd4 27. Bxe7 Nxf3+ 28.
Bxf3 Bxf3 29. Nh2 Nxe7 30. Nxf3 gxh6 31. Rd7 Ng6 32. Ra7 Rb4 33. Re4 Rd8 34.
Kg2 1/2-1/2

[Event "Elit(Eksjo-Farsta)"]
[Site "?"]
[Date "2019.03.30"]
[Round "8"]
[White "Degerman, Lars"]
[Black "Gdanski, Jacek"]
[Result "1/2-1/2"]
[WhiteElo "2454"]
[BlackElo "2464"]
[PlyCount "48"]
1. c4 e5 2. g3 Nc6 3. Nc3 f5 4. Nf3 g6 5. d4 e4 6. Bg5 Nce7 7. Nd2 h6 8. Bf4
Bg7 9. f3 exf3 10. Nxf3 Nf6 11. Qc2 d6 12. O-O-O O-O 13. h4 c6 14. e3 b5 15.
cxb5 cxb5 16. Qb3+ Kh8 17. d5 Bb7 18. Rh2 Rc8 19. Rc2 Rxc3 20. Qxc3 Nexd5 21.
Qb3 Nxf4 22. exf4 Be4 23. Rc3 b4 24. Rc4 Bd5 1/2-1/2

[Event "Elit(Vasteras-Limhamn)"]
[Site "?"]
[Date "2019.03.30"]
[Round "8"]
[White "Johansson, Linus"]
[Black "Pantzar, Milton"]
[Result "0-1"]
[WhiteElo "2477"]
[BlackElo "2331"]
[PlyCount "62"]
1. d4 d5 2. c4 c6 3. Nf3 Nf6 4. cxd5 cxd5 5. Nc3 Nc6 6. Bf4 a6 7. e3 Bg4 8. Qb3
Na5 9. Qa4+ b5 10. Bxb5+ axb5 11. Nxb5 Bd7 12. Ne5 Bxb5 13. Qxb5+ Nd7 14. b4
Nc4 15. Nxc4 dxc4 16. O-O c3 17. a4 e6 18. a5 Be7 19. Rfc1 O-O 20. Rxc3 Nf6 21.
Rb3 Nd5 22. Bg3 Qc8 23. Qa4 Qc2 24. b5 Nc3 25. Rxc3 Qxc3 26. b6 Bd8 27. Bd6
Bxb6 28. Bb4 Qb2 29. g3 Rfc8 30. Kg2 Ba7 31. Ra2 Qc1 0-1

[Event "Elit(Wasa-Rockaden,Sthlm)"]
[Site "?"]
[Date "2019.03.30"]
[Round "8"]
[White "Neiksans, Arturs"]
[Black "Berg, Emanuel"]
[Result "1/2-1/2"]
[WhiteElo "2552"]
[BlackElo "2537"]
[PlyCount "77"]
1. e4 e6 2. d4 d5 3. Nd2 Nf6 4. e5 Nfd7 5. Bd3 c5 6. c3 Nc6 7. Ne2 cxd4 8. cxd4
f6 9. exf6 Nxf6 10. Nf3 Bd6 11. O-O Qc7 12. Nc3 a6 13. Re1 O-O 14. h3 Bd7 15.
Bd2 Rae8 16. Rc1 Qb8 17. Na4 e5 18. dxe5 Nxe5 19. Nxe5 Bxe5 20. Be3 Bh2+ 21.
Kh1 Bf4 22. Nc5 Bxe3 23. Rxe3 Rxe3 24. fxe3 Bc8 25. Nb3 Qe5 26. Qd2 Bf5 27.
Bxf5 Qxf5 28. Nd4 Qe5 29. Nf3 Qd6 30. Qc3 Ne4 31. Qe1 h6 32. Kg1 Kh8 33. Qe2
Kg8 34. a3 Re8 35. Qd3 Nf6 36. Qd4 Kh7 37. Qd3+ Kg8 38. Qd4 Kh7 39. Qd3+
1/2-1/2

[Event "Elit(Limhamn-Stockholms SS)"]
[Site "?"]
[Date "2019.03.29"]
[Round "7"]
[White "Lindgren, Philip"]
[Black "Ertan, Can"]
[Result "1-0"]
[WhiteElo "2379"]
[BlackElo "2421"]
[PlyCount "71"]
1. d4 Nf6 2. c4 e6 3. Nf3 b6 4. g3 Ba6 5. b3 Bb4+ 6. Bd2 Be7 7. Bg2 c6 8. Bc3
O-O 9. Nbd2 d5 10. Ne5 Nfd7 11. Nxd7 Nxd7 12. O-O Rc8 13. Re1 Bf6 14. e4 dxc4
15. e5 Be7 16. bxc4 Qc7 17. Qg4 Rfd8 18. Rad1 Rb8 19. h4 b5 20. c5 b4 21. Ba1
Bd3 22. Qf3 Bb5 23. Ne4 Qa5 24. Nd6 Bxd6 25. exd6 Ba4 26. Rc1 Nf6 27. d5 Nxd5
28. Bd4 Ne7 29. Bxg7 Kxg7 30. dxe7 Rg8 31. Rc4 h5 32. Qxh5 Qc7 33. Qg5+ Kh7 34.
Qh5+ Kg7 35. Rg4+ Kf6 36. Rf4+ 1-0

[Event "Elit(Wasa-Schack 08)"]
[Site "?"]
[Date "2019.03.29"]
[Round "7"]
[White "Cramling, Pia"]
[Black "Schutz, Ingemar"]
[Result "1-0"]
[WhiteElo "2462"]
[BlackElo "2195"]
[PlyCount "59"]
1. Nf3 Nf6 2. c4 g6 3. Nc3 Bg7 4. e4 d6 5. d4 O-O 6. h3 e5 7. d5 Na6 8. Be3 Nh5
9. g3 Qe8 10. Be2 f5 11. exf5 gxf5 12. Nh4 Nf6 13. Qc2 Nb4 14. Qb3 a5 15. O-O-O
b6 16. a3 Na6 17. Qc2 Qd7 18. Rhg1 Nc5 19. g4 f4 20. Bxc5 bxc5 21. g5 Ne8 22.
Bd3 e4 23. Bxe4 Be5 24. g6 h6 25. g7 Nxg7 26. Bh7+ Kf7 27. Rde1 Ne8 28. Bf5 Qd8
29. Be6+ Bxe6 30. Qg6+ 1-0

[Event "Elit(Limhamn-Stockholms SS)"]
[Site "?"]
[Date "2019.03.29"]
[Round "7"]
[White "Arman, Deniz"]
[Black "Brynell, Stellan"]
[Result "0-1"]
[WhiteElo "2346"]
[BlackElo "2401"]
[PlyCount "120"]
1. Nf3 Nf6 2. g3 d5 3. Bg2 c6 4. O-O Bg4 5. d3 Nbd7 6. c4 e6 7. cxd5 exd5 8.
Nc3 Bc5 9. Qc2 O-O 10. h3 Bh5 11. a3 a5 12. Rb1 Qe7 13. Bf4 Rfe8 14. Rfe1 Bg6
15. Nh4 Nh5 16. Qd2 Nxf4 17. Qxf4 Nf8 18. Qd2 Qf6 19. Nf3 Bh5 20. Rbc1 Ne6 21.
g4 Bg6 22. e3 d4 23. Ne2 dxe3 24. fxe3 Bb6 25. Ng3 Nf4 26. Rc3 Nxh3+ 27. Kh2
Ng5 28. Qf2 Rad8 29. d4 Bc7 30. Kg1 Bxg3 31. Qxg3 Ne4 32. Qc7 Nxc3 33. bxc3 Be4
34. Rf1 Bxf3 35. Rxf3 Qe7 36. Qxa5 Ra8 37. Qh5 h6 38. e4 Qxe4 39. Qxf7+ Kh8 40.
Qh5 Qe1+ 41. Kh2 Re3 42. Rf7 Qg3+ 43. Kh1 Re1+ 44. Bf1 Re4 45. Rf6 Qe3 46. Rf7
Rf4 47. Qg6 Rxf7 48. Qxf7 Qe4+ 49. Bg2 Qxg4 50. Bf3 Qh4+ 51. Kg2 Qg5+ 52. Kh3
Qf6 53. Qh5 Rf8 54. Kg2 Qf4 55. d5 g6 56. Qh3 Qxf3+ 57. Qxf3 Rxf3 58. Kxf3 cxd5
59. Kf4 h5 60. a4 h4 0-1

[Event "Elit(Wasa-Schack 08)"]
[Site "?"]
[Date "2019.03.29"]
[Round "7"]
[White "Ottenklev, Niclas"]
[Black "Bellon Lopez, Juan"]
[Result "0-1"]
[WhiteElo "2158"]
[BlackElo "2332"]
[PlyCount "84"]
1. e4 c5 2. b3 b6 3. Bb2 Bb7 4. Nc3 d6 5. Nf3 e5 6. Bc4 Nc6 7. O-O a6 8. a4 g6
9. Nd5 Bg7 10. Ne1 Nf6 11. f4 O-O 12. Nxf6+ Bxf6 13. f5 Kg7 14. Qg4 Nd4 15. c3
b5 16. cxd4 bxc4 17. dxe5 dxe5 18. bxc4 Qxd2 19. Rf2 Qe3 20. Qe2 Qxe4 21. fxg6
fxg6 22. Qxe4 Bxe4 23. Re2 Rfb8 24. Rd1 Rb4 25. Rd7+ Kg8 26. Rxe4 Rxb2 27. Nd3
Ra2 28. Nxc5 Rb8 29. Rb7 Rxb7 30. Nxb7 Rxa4 31. Nc5 Ra1+ 32. Kf2 Kf7 33. Nd3
Ke6 34. c5 Kd5 35. Rb4 Be7 36. Rb7 Bxc5+ 37. Nxc5 Kxc5 38. Rxh7 a5 39. Rg7 a4
40. Rxg6 a3 41. Ra6 a2 42. g4 Rh1 0-1

[Event "Elit(Limhamn-Stockholms SS)"]
[Site "?"]
[Date "2019.03.29"]
[Round "7"]
[White "Haubro, Martin"]
[Black "Olund, Joar"]
[Result "1-0"]
[WhiteElo "2321"]
[BlackElo "2353"]
[PlyCount "55"]
1. e4 b6 2. d4 Bb7 3. Bd3 e6 4. Nf3 c5 5. c3 Be7 6. O-O Nf6 7. Nbd2 d5 8. e5
Nfd7 9. Re1 c4 10. Bc2 b5 11. Nf1 h5 12. h4 Bxh4 13. Nxh4 Qxh4 14. Re3 Qd8 15.
Rg3 Kf8 16. Bg5 Qe8 17. Qf3 Nc6 18. Rh3 g6 19. g4 h4 20. Bxh4 Kg8 21. Ne3 Rb8
22. Bf6 Nxf6 23. exf6 e5 24. Rxh8+ Kxh8 25. Qh3+ Kg8 26. Kg2 Qe6 27. Qh4 exd4
28. Rh1 1-0

[Event "Elit(Wasa-Schack 08)"]
[Site "?"]
[Date "2019.03.29"]
[Round "7"]
[White "Wedberg, Tom"]
[Black "Drugge, Patrick"]
[Result "1/2-1/2"]
[WhiteElo "2428"]
[BlackElo "2193"]
[PlyCount "52"]
1. c4 e6 2. Nf3 d5 3. d4 c6 4. Nbd2 Nf6 5. Qc2 b6 6. e4 dxe4 7. Nxe4 Bb7 8. Bd3
Bb4+ 9. Ke2 Nbd7 10. Bg5 Be7 11. Rad1 Nxe4 12. Bxe7 Qxe7 13. Bxe4 Nf6 14. Rhe1
Nxe4 15. Qxe4 c5 16. Qf4 Bxf3+ 17. Qxf3 O-O 18. Kf1 cxd4 19. Rxd4 Rad8 20. Red1
Rxd4 21. Rxd4 Rd8 22. Qd3 Rxd4 23. Qxd4 g6 24. a3 Qg5 25. g3 Qc1+ 26. Kg2 e5
1/2-1/2

[Event "Elit(Limhamn-Stockholms SS)"]
[Site "?"]
[Date "2019.03.29"]
[Round "7"]
[White "Seo, Jung Min"]
[Black "Jepson, Christian"]
[Result "1/2-1/2"]
[WhiteElo "2372"]
[BlackElo "2387"]
[PlyCount "45"]
[EventDate "2019.??.??"]
1. Nf3 d5 2. d4 Nf6 3. c4 e6 4. g3 dxc4 5. Bg2 a6 6. O-O Nc6 7. Na3 Bxa3 8.
bxa3 O-O 9. Bb2 Rb8 10. Qc2 b5 11. e4 Ne7 12. Rad1 Ng6 13. Rfe1 Re8 14. h4 h6
15. Bc3 Bb7 16. Bh3 Qd6 17. Bb4 Qb6 18. Bg2 Rbd8 19. Bc5 Qa5 20. Bb4 Qb6 21.
Bc5 Qa5 22. Bb4 Qb6 23. Bc5 1/2-1/2

[Event "Elit(Wasa-Schack 08)"]
[Site "?"]
[Date "2019.03.29"]
[Round "7"]
[White "Sternlund, Hakan"]
[Black "Cramling, Dan"]
[Result "0-1"]
[WhiteElo "2119"]
[BlackElo "2329"]
[PlyCount "76"]
1. c4 c5 2. Nf3 g6 3. Nc3 Bg7 4. e3 Nf6 5. d4 O-O 6. Be2 d5 7. dxc5 Qa5 8. O-O
dxc4 9. Bxc4 Qxc5 10. Qe2 Nc6 11. h3 a6 12. a3 b5 13. Bb3 e5 14. Rd1 Bb7 15.
Bd2 e4 16. Ne1 Qg5 17. f4 exf3 18. Nxf3 Qh5 19. Be1 Rfe8 20. Rd6 Qc5 21. Rd3
Na5 22. Ba2 Nc4 23. Bf2 Ne4 24. Nxe4 Bxe4 25. Bxc4 bxc4 26. Rdd1 Rab8 27. Nd4
Qg5 28. g3 Be5 29. Kh2 h5 30. Rd2 Bd3 31. Qf3 Bxd4 32. Rxd3 cxd3 33. exd4 Rxb2
34. Kg1 Ree2 35. Rf1 Qf5 36. Qg2 d2 37. d5 Rxf2 38. Qxf2 Qxf2+ 0-1

[Event "Elit(Limhamn-Stockholms SS)"]
[Site "?"]
[Date "2019.03.29"]
[Round "7"]
[White "Schneider, Stefan"]
[Black "Cederstam Barsk, Carl"]
[Result "1/2-1/2"]
[WhiteElo "2362"]
[BlackElo "2324"]
[PlyCount "82"]
1. d4 d5 2. c4 e6 3. Nc3 Nf6 4. cxd5 exd5 5. Bg5 Be7 6. e3 c6 7. Bd3 O-O 8. Qc2
h6 9. Bh4 Nh5 10. Bxe7 Qxe7 11. Nge2 Nd7 12. O-O Nb6 13. Rae1 Bd7 14. Nc1 Rae8
15. Nb3 Nc8 16. Nc5 Nd6 17. Qa4 Bc8 18. Qxa7 Qg5 19. Kh1 f5 20. Be2 f4 21. Bxh5
Qxh5 22. exf4 Bh3 23. f3 Rxe1 24. Rxe1 Nf5 25. Re2 Nxd4 26. Rf2 Bc8 27. Nd3 Ne6
28. Ne2 Qg6 29. Qe3 b6 30. Rf1 Ba6 31. Rd1 Bxd3 32. Rxd3 Nxf4 33. Nxf4 Rxf4 34.
h3 Rc4 35. Qd2 Qf6 36. a3 b5 37. Re3 Qd4 38. Rd3 Qc5 39. Qe2 Rc1+ 40. Kh2 Qg1+
41. Kg3 Re1 1/2-1/2

[Event "Elit(Wasa-Schack 08)"]
[Site "?"]
[Date "2019.03.29"]
[Round "7"]
[White "Moreau, Teodor"]
[Black "Arvidsson, Tomas"]
[Result "1-0"]
[WhiteElo "2322"]
[BlackElo "2034"]
[PlyCount "77"]
1. d4 Nf6 2. c4 g6 3. Nc3 Bg7 4. e4 d6 5. Be2 Nbd7 6. Nf3 e5 7. O-O O-O 8. Be3
Re8 9. d5 Ng4 10. Bg5 f6 11. Bh4 a5 12. Nd2 Nh6 13. f3 c5 14. Qc2 Bf8 15. Bd3
Be7 16. Bf2 Rf8 17. Be3 Kg7 18. a3 Nb8 19. b4 axb4 20. axb4 Rxa1 21. Rxa1 cxb4
22. Na2 Na6 23. Nb3 f5 24. Qd2 f4 25. Bf2 Nc5 26. Bc2 Bh4 27. Nxc5 Bxf2+ 28.
Qxf2 dxc5 29. Qxc5 Nf7 30. Nxb4 Qh4 31. Qf2 Qe7 32. c5 g5 33. d6 Qe6 34. Nd5 g4
35. Qh4 gxf3 36. gxf3 Kh8 37. Kf2 Nd8 38. Qe7 Qh6 39. Qxe5+ 1-0

[Event "Elit(Farsta-Rockaden,Umea)"]
[Site "?"]
[Date "2019.03.29"]
[Round "7"]
[White "Malmstig, Erik"]
[Black "Urkedal, Frode"]
[Result "1/2-1/2"]
[WhiteElo "2301"]
[BlackElo "2512"]
[PlyCount "130"]
1. d4 Nf6 2. c4 e6 3. Nc3 Bb4 4. e3 O-O 5. Bd3 d5 6. cxd5 exd5 7. Nge2 Re8 8.
f3 c5 9. O-O Nc6 10. a3 cxd4 11. exd4 Bxc3 12. bxc3 h6 13. Rb1 Na5 14. Bc2 b6
15. Ng3 Ba6 16. Re1 Qc7 17. Nf5 Rxe1+ 18. Qxe1 Re8 19. Qg3 Qxg3 20. Nxg3 Rc8
21. Bb2 Nc4 22. Bd3 g6 23. Bc1 h5 24. h4 Ne8 25. a4 Nc7 26. Nf1 Nd6 27. Bxa6
Nxa6 28. Bf4 Nf5 29. a5 bxa5 30. Ra1 Rxc3 31. Rxa5 Nb4 32. Rxa7 Nc6 33. Rc7
Ncxd4 34. Rxc3 Ne2+ 35. Kf2 Nxc3 36. Be5 Nb5 37. g4 hxg4 38. fxg4 Nfd6 39. Ne3
Nc4 40. Bf6 Nxe3 41. Kxe3 Kf8 42. Kf4 Nd6 43. Bd4 Nc4 44. Bc3 Kg8 45. Bd4 Kh7
46. Ba1 Kh6 47. Bf6 Nd2 48. Be7 Ne4 49. Ke5 Nf2 50. Bf8+ Kh7 51. Kf4 Nd3+ 52.
Ke3 Ne5 53. Kf4 Nc6 54. Ba3 Kg7 55. Bb2+ Kf8 56. Ba3+ Kg7 57. Bb2+ Kh6 58. Bc1
f6 59. Bb2 d4 60. Ke4 g5 61. Bc1 Kg6 62. hxg5 fxg5 63. Kd5 Na5 64. Bxg5 Kxg5
65. Kxd4 Kxg4 1/2-1/2

[Event "Elit(Rockaden,Sthlm-LASK)"]
[Site "?"]
[Date "2019.03.29"]
[Round "7"]
[White "Hansen, Sune Berg"]
[Black "Hammer, Jon Ludvig"]
[Result "1/2-1/2"]
[WhiteElo "2590"]
[BlackElo "2652"]
[PlyCount "133"]
[SourceDate "2019.04.05"]
1. d4 Nf6 2. Nf3 e6 3. c4 d5 4. g3 Be7 5. Bg2 O-O 6. O-O dxc4 7. Qa4 a6 8. Qxc4
b5 9. Qc2 Bb7 10. Bd2 Be4 11. Qc1 c6 12. Rd1 Bxf3 13. Bxf3 Qxd4 14. a4 b4 15.
Be3 Qe5 16. Nd2 Nd5 17. Nc4 Qc7 18. Bxd5 exd5 19. Nb6 Ra7 20. a5 Rb7 21. Qc2
Bd6 22. Rac1 Qe7 23. Rd4 Re8 24. Rh4 g6 25. Qd2 Qe6 26. Rd4 Bf8 27. Qd3 Bd6 28.
Rc2 Rbe7 29. Bg5 Ra7 30. Qf3 Nd7 31. Nxd7 Qxd7 32. e4 Rc7 33. exd5 cxd5 34.
Rxc7 Bxc7 35. Rxd5 Qh3 36. Bd2 Be5 37. b3 Bc3 38. Bxc3 bxc3 39. Qxc3 h5 40. Re5
Rd8 41. Re1 Qf5 42. h4 Rc8 43. Qd2 Kh7 44. Kg2 Qf6 45. Rc1 Rd8 46. Qe3 Rb8 47.
Rc7 Kg7 48. Qc3 Qxc3 49. Rxc3 Rb5 50. b4 Rxb4 51. Rc6 Ra4 52. Rxa6 Ra3 53. Ra8
Kf6 54. a6 Kf5 55. Kf1 Ra2 56. Kg2 Ra3 57. f3 Kf6 58. Kf2 Kf5 59. a7 Kf6 60. g4
hxg4 61. fxg4 Kg7 62. h5 gxh5 63. gxh5 Ra1 64. h6+ Kh7 65. Kf3 Ra2 66. Kf4 Ra1
67. Kf5 1/2-1/2

[Event "Elit(Vasteras-Eksjo)"]
[Site "?"]
[Date "2019.03.29"]
[Round "7"]
[White "Heberla, Bartlomiej"]
[Black "Miezis, Normunds"]
[Result "1-0"]
[WhiteElo "2550"]
[BlackElo "2469"]
[PlyCount "83"]
[SourceDate "2019.04.06"]
1. e4 c5 2. Nf3 e6 3. d4 cxd4 4. Nxd4 a6 5. Be2 Nf6 6. Nc3 Qc7 7. O-O Bc5 8.
Kh1 d6 9. Nb3 Ba7 10. Bf4 e5 11. Bg5 Be6 12. Bxf6 gxf6 13. Nd5 Bxd5 14. Qxd5
Nc6 15. Bh5 Rf8 16. Qe6+ Qe7 17. Qf5 Nb4 18. a3 Nc6 19. Rad1 Kd8 20. Rd3 Qe6
21. Qf3 Ke7 22. Bg4 Qc4 23. Rfd1 Rad8 24. Na5 Qa4 25. Nxb7 Nd4 26. Rxd4 Bxd4
27. Nxd8 Rxd8 28. c3 Ba7 29. Rd2 Bb6 30. g3 a5 31. Kg2 Qc4 32. Rd5 Bc5 33. Bh5
a4 34. Bg4 Rb8 35. Rd2 h6 36. Qf5 Rd8 37. Be2 Qa2 38. Bb5 Bxa3 39. Bxa4 Bxb2
40. Bc6 Qb1 41. Rd5 Rb8 42. Ra5 1-0

[Event "Elit(Farsta-Rockaden,Umea)"]
[Site "?"]
[Date "2019.03.29"]
[Round "7"]
[White "Livner, Anders"]
[Black "Larsson, Johan"]
[Result "1-0"]
[WhiteElo "2341"]
[BlackElo "2197"]
[PlyCount "51"]
1. Nf3 d5 2. g3 c5 3. Bg2 Nc6 4. c4 e6 5. O-O Nf6 6. b3 Be7 7. cxd5 exd5 8. Bb2
O-O 9. d4 Re8 10. dxc5 Bxc5 11. Nc3 Bg4 12. Rc1 a6 13. h3 Bf5 14. e3 Ba7 15.
Ne2 Ne4 16. Ned4 Qd7 17. Nxc6 bxc6 18. g4 Bg6 19. Ne5 Rxe5 20. Bxe5 Re8 21. Bf4
c5 22. b4 d4 23. exd4 Qxd4 24. Be3 Qxb4 25. Qd7 Ra8 26. Rb1 1-0

[Event "Elit(Vasteras-Eksjo)"]
[Site "?"]
[Date "2019.03.29"]
[Round "7"]
[White "Sjodahl, Pontus"]
[Black "Rothen, Hakan"]
[Result "1-0"]
[WhiteElo "2416"]
[BlackElo "2317"]
[PlyCount "89"]
1. d4 Nf6 2. c4 e6 3. Nc3 Bb4 4. e3 c5 5. Nge2 O-O 6. a3 Bxc3+ 7. Nxc3 b6 8. d5
exd5 9. cxd5 Re8 10. Bd3 Ba6 11. O-O d6 12. e4 c4 13. Bc2 Nbd7 14. Be3 Ne5 15.
f3 Nfd7 16. Bd4 Nc5 17. Qd2 Nb3 18. Bxb3 cxb3 19. Rfe1 Qd7 20. Bxe5 dxe5 21.
Nd1 f5 22. Qb4 fxe4 23. fxe4 Qb5 24. Qxb5 Bxb5 25. Re3 Rf8 26. Nc3 Bc4 27. Rc1
Rf6 28. Nb1 Raf8 29. Nd2 b5 30. Rf3 Be2 31. Rxf6 gxf6 32. Kf2 Bh5 33. Ke3 f5
34. exf5 Rxf5 35. g4 Bxg4 36. Rg1 Rf4 37. h3 h5 38. hxg4 hxg4 39. Rf1 Rxf1 40.
Nxf1 a5 41. Ke4 a4 42. Kxe5 b4 43. Kf4 bxa3 44. bxa3 g3 45. Kxg3 1-0

[Event "Elit(Rockaden,Sthlm-LASK)"]
[Site "?"]
[Date "2019.03.29"]
[Round "7"]
[White "Hillarp Persson, Tiger"]
[Black "Barkhagen, Jonas"]
[Result "1-0"]
[WhiteElo "2549"]
[BlackElo "2429"]
[PlyCount "83"]
1. Nf3 d5 2. g3 Nf6 3. Bg2 c6 4. c4 dxc4 5. O-O Nbd7 6. Qc2 Nb6 7. Na3 Be6 8.
b3 cxb3 9. axb3 g6 10. e4 Bg7 11. d4 O-O 12. Bb2 a5 13. Ng5 Bc8 14. Nc4 a4 15.
Ne5 h6 16. Ngxf7 Rxf7 17. bxa4 Be6 18. a5 Nbd7 19. Nxg6 Rxa5 20. Rxa5 Qxa5 21.
Ra1 Qb6 22. Ra8+ Nf8 23. Ne5 N6d7 24. Nxf7 Bxf7 25. e5 Qc7 26. Bc3 Nb6 27. Ba5
Nxa8 28. Bxc7 Nxc7 29. Qb2 Nb5 30. d5 Nd6 31. dxc6 bxc6 32. f4 Bd5 33. Bxd5+
cxd5 34. Qa2 Nf7 35. Qxd5 e6 36. Qd1 Nh8 37. Qb3 Kh7 38. Kg2 Nhg6 39. Qb7 Kg8
40. Kf3 Nxe5+ 41. fxe5 Bxe5 42. Kg4 1-0

[Event "Elit(Vasteras-Eksjo)"]
[Site "?"]
[Date "2019.03.29"]
[Round "7"]
[White "Gdanski, Jacek"]
[Black "Akesson, Ralf"]
[Result "1-0"]
[WhiteElo "2464"]
[BlackElo "2362"]
[PlyCount "81"]
1. e4 c5 2. Nc3 Nc6 3. Nf3 e6 4. d4 cxd4 5. Nxd4 Qc7 6. g3 a6 7. Bg2 Nf6 8. O-O
d6 9. Re1 Nxd4 10. Qxd4 e5 11. Qd3 h6 12. a4 Be7 13. a5 Bd7 14. Bd2 Rc8 15.
Rec1 Bd8 16. b3 Qb8 17. Nd1 O-O 18. Bb4 Rc6 19. Ne3 Re8 20. Rd1 Be7 21. h3 b5
22. axb6 Qxb6 23. c3 Qb7 24. Nc4 Qc8 25. Bxd6 Be6 26. Bxe5 Bxh3 27. Bxf6 Rxf6
28. e5 Bxg2 29. Kxg2 Rf5 30. Qd7 Qa8+ 31. Qd5 Bc5 32. f4 Qc8 33. Qd7 Qa8+ 34.
Qd5 Qc8 35. Qd7 Qa8+ 36. Rd5 Bf8 37. Nb6 Qb8 38. Qxf5 Qxb6 39. Rd7 Qxb3 40.
Rxa6 Qc4 41. Qd3 1-0

[Event "Elit(Farsta-Rockaden,Umea)"]
[Site "?"]
[Date "2019.03.29"]
[Round "7"]
[White "Ernst, Thomas"]
[Black "Lindgren, Mats"]
[Result "1-0"]
[WhiteElo "2329"]
[BlackElo "2146"]
[PlyCount "35"]
1. e4 e6 2. d4 d5 3. Nc3 Bb4 4. e5 c5 5. a3 Bxc3+ 6. bxc3 Ne7 7. Qg4 Kf8 8. Bd2
Qc7 9. Bd3 b6 10. Nf3 Ba6 11. O-O Bxd3 12. cxd3 c4 13. Ng5 h6 14. Qh5 g6 15.
Qh3 Kg7 16. Nxe6+ fxe6 17. Qxe6 Qc6 18. Qxe7+ 1-0

[Event "Elit(Rockaden,Sthlm-LASK)"]
[Site "?"]
[Date "2019.03.29"]
[Round "7"]
[White "Neiksans, Arturs"]
[Black "Ahlander, Bjorn"]
[Result "1/2-1/2"]
[WhiteElo "2552"]
[BlackElo "2412"]
[PlyCount "118"]
[EventDate "2019.??.??"]
1. e4 c5 2. Nf3 d6 3. Bb5+ Nd7 4. O-O a6 5. Bd3 Ngf6 6. Re1 e5 7. c3 g6 8. Bf1
Bh6 9. d4 Bxc1 10. Qxc1 O-O 11. Qg5 Nh5 12. Qe3 b6 13. Nbd2 Qe7 14. Nc4 b5 15.
Na5 Nb8 16. dxe5 dxe5 17. a4 Bd7 18. Nb3 c4 19. Qc5 Re8 20. Qxe7 Rxe7 21. Nbd2
Bc6 22. axb5 axb5 23. Rxa8 Bxa8 24. b3 cxb3 25. Rb1 Nf6 26. Rxb3 Nxe4 27. Rxb5
Nd7 28. Ra5 Bc6 29. Nxe4 Bxe4 30. Ng5 Bf5 31. Bc4 Kg7 32. Nxf7 Rxf7 33. Bxf7
Kxf7 34. f3 h5 35. Kf2 Be6 36. Rb5 Ke7 37. Ke3 Kd6 38. f4 Bf5 39. fxe5+ Nxe5
40. Kf4 Nd3+ 41. Ke3 Ne5 42. h3 Bd7 43. Rb4 Bc6 44. Rd4+ Ke6 45. g3 g5 46. Rd8
Nf7 47. Rb8 Bg2 48. h4 gxh4 49. gxh4 Bh3 50. Kf4 Nd6 51. Rg8 Kf6 52. Rg5 Bg4
53. Rc5 Ke6 54. c4 Nf5 55. Kg5 Nd4 56. Kg6 Nf3 57. Rxh5 Bxh5+ 58. Kxh5 Kd6 59.
Kg4 Nxh4 1/2-1/2

[Event "Elit(Vasteras-Eksjo)"]
[Site "?"]
[Date "2019.03.29"]
[Round "7"]
[White "Norberg, Johan"]
[Black "Schussler, Harry"]
[Result "1/2-1/2"]
[WhiteElo "2297"]
[BlackElo "2413"]
[PlyCount "64"]
1. e4 g6 2. d4 Bg7 3. Nc3 d6 4. Be3 a6 5. Qd2 b5 6. a4 b4 7. Na2 a5 8. c3 Nf6
9. f3 bxc3 10. Nxc3 O-O 11. Bd3 Nc6 12. Nge2 Nb4 13. Bb1 Ba6 14. O-O c6 15. Rd1
Qc7 16. g4 e5 17. Ng3 Rfd8 18. g5 Nd7 19. d5 Nb6 20. Ba2 Nxa2 21. Rxa2 cxd5 22.
Nxd5 Nxd5 23. exd5 Bc4 24. Qc2 Rdc8 25. b3 Ba6 26. Qxc7 Rxc7 27. Ne4 Rb8 28.
Rb2 Bf8 29. Bd2 Rcb7 30. Bxa5 Rxb3 31. Rxb3 Rxb3 32. Kf2 Rb2+ 1/2-1/2